00591nam a2200217Ia 4500008004100000020001800041050001600059050001400075100002700089245003100116245004300147260001700190260002500207260000900232300001600241300002000257300001100277650003000288650002700318650002800345160319s9999 xx 000 0 und d a971-08-6511-0 aFIL LB 1051 b.Z85 2004 aZulueta, Francisco M.  aFoundations of education / cFrancisco M. Zulueta, Elda M. Maglaya. aMandaluyong: bNational Book Store, c2004 a458 pages : billustrations ; c22 cm. aEducational anthropology. aEducational sociology. xEducational psychology.